Kapacitné problémy v Krompachoch budú mať mestské jasle

Bibliographic Details
Format: Article
Language:Slovak
PhysicalDescription:Fotogr.
ISSN:1338-841X
Subjects:

MARC

LEADER 00000nab a2200000 ar4500
001 vtls011507645
003 SK-MaSNL
005 20260305040111.0
008 160224c20140729xo mr|p|||||||000 b|slo
038 |a SNSK 
040 |b slo  |c SNSK  |e AACR2 
041 |a slo 
044 |a xo  |c SK 
080 |a 373.22  |x (437.672)  |2 2001 
080 |a 069.444  |2 2001 
245 0 0 |a Kapacitné problémy  |b v Krompachoch budú mať mestské jasle  |c [autor](šim) 
300 |b Fotogr. 
650 0 7 |a detské jasle  |2 snsk  |9 50070 
650 0 7 |a nedostatok miest  |2 snsk  |9 1608784 
650 0 7 |a rekonštrukčné práce  |2 snsk  |9 1052142 
650 0 7 |a Opravy a rekonštrukcie  |2 snkbucl  |9 1044953 
651 7 |a Krompachy (Slovensko)  |2 snsk  |9 43389 
651 7 |a Spišská Nová Ves (Slovensko : okres)  |2 snsk  |9 22259 
773 0 |t Spišskonovoveský Korzár  |g Roč. III., č. 30 (29.7.2014), s. 4  |x 1338-841X 
852 |a SNSK  |b KIS3GCP 
999 |c 3336670  |d 3338600